Účtovanie záväzkov voči zamestnancom vyplývajúcich z pracovno-právnych vzťahov bakalárska práca

Gespeichert in:
Bibliographische Detailangaben
1. Verfasser: Hullová, Eva
Körperschaft: Fakulta hospodárskej informatiky EU. Katedra účtovníctva a audítorstva
Weitere Verfasser: Tomanicová, Viera
Format: Buch
Sprache:Slowakisch
Veröffentlicht: Bratislava 2015
Tags: Tag hinzufügen
Keine Tags, Fügen Sie das erste Tag hinzu!

MARC

LEADER 00000nbm a2200000 4500
001 0206544
005 20161212111602.2
041 0 |a slo 
044 |a SK 
245 1 0 |a Účtovanie záväzkov voči zamestnancom vyplývajúcich z pracovno-právnych vzťahov  |b bakalárska práca  |c Eva Hullová ; školiteľ: Viera Tomanicová 
264 1 |a Bratislava  |c 2015 
300 |a 42 s. 
100 1 |a Hullová, Eva 
700 1 |a Tomanicová, Viera 
710 2 |a Fakulta hospodárskej informatiky EU. Katedra účtovníctva a audítorstva